[Event "Bad Woerishofen op"]
[Site "?"]
[Date "2000.??.??"]
[Round "6"]
[White "Rahls, Peter"]
[Black "Gutman, Lev"]
[Result "0-1"]
[WhiteElo "2265"]
[BlackElo "2488"]
[PlyCount "84"]
[EventDate "2000.??.??"]

1. e4 c5 2. c3 d5 3. exd5 Qxd5 4. d4 g6 5. Nf3 Bg7 6. dxc5 Qxd1+ 7. Kxd1 Nf6 8.
Na3 O-O 9. Be3 Ng4 10. Kc2 Bf5+ 11. Bd3 Bxd3+ 12. Kxd3 Nd7 13. Rhe1 Nxe3 14.
Rxe3 Nxc5+ 15. Kc2 e6 16. Rd1 a6 17. Nc4 b5 18. Nb6 Rad8 19. Rxd8 Rxd8 20. b4
Nb7 21. Rd3 Rd6 22. Nc8 Rxd3 23. Kxd3 f5 24. Ne7+ Kf8 25. Nc6 Bf6 26. Nfd4 e5
27. Nb3 e4+ 28. Kc2 Kf7 29. g3 Ke6 30. Nb8 f4 31. Nxa6 Kf5 32. Nac5 Nd6 33.
gxf4 Kxf4 34. Nd2 Bh4 35. Kd1 Bxf2 36. Ke2 Bg1 37. Nf1 g5 38. a4 bxa4 39. Nxa4
g4 40. Nb2 Bxh2 41. Kf2 Nf5 42. b5 g3+ 0-1

[Event "Bad Woerishofen op"]
[Site "?"]
[Date "2000.??.??"]
[Round "8"]
[White "Rahls, Peter"]
[Black "Lindenmair, Anton"]
[Result "0-1"]
[WhiteElo "2265"]
[BlackElo "2108"]
[PlyCount "105"]
[EventDate "2000.??.??"]

1. e4 e5 2. Nc3 Nf6 3. g3 Bc5 4. Bg2 Nc6 5. d3 d6 6. Nge2 a6 7. O-O O-O 8. h3
Be6 9. Nd5 Ne8 10. c3 Ne7 11. d4 Ba7 12. Nxe7+ Qxe7 13. Kh2 Bc4 14. Be3 Nf6 15.
f3 d5 16. b3 Bxe2 17. Qxe2 exd4 18. Bxd4 Bxd4 19. cxd4 dxe4 20. fxe4 c6 21. Rf4
Rad8 22. e5 Nd5 23. Rh4 Rd6 24. Be4 Rh6 25. Rxh6 gxh6 26. Rf1 Kh8 27. Bxd5 cxd5
28. Qf3 Qe6 29. g4 Kg7 30. Kg3 Re8 31. Qe3 Kg8 32. Qd2 Qb6 33. Rf6 Re6 34. Qf4
Qc7 35. Kh4 Rxf6 36. Qxf6 Qc3 37. Qf4 Kg7 38. Qf6+ Kg8 39. g5 Qxd4+ 40. Kh5
hxg5 41. Qxg5+ Kf8 42. Kh6 Qb6+ 43. Kh5 Qg6+ 44. Kg4 Qxg5+ 45. Kxg5 Ke7 46. Kf5
h6 47. h4 Kd7 48. Kf6 Ke8 49. Kf5 Ke7 50. h5 Kd7 51. b4 b5 52. Kf6 Ke8 53. Kg7
0-1

[Event "Bad Woerishofen op"]
[Site "Bad Woerishofen"]
[Date "2000.??.??"]
[Round "1"]
[White "Reich, Thomas"]
[Black "Landau, Christian"]
[Result "1-0"]
[WhiteElo "2407"]
[BlackElo "2034"]
[PlyCount "49"]
[EventDate "1998.03.05"]
[Source "ChessBase"]
[SourceDate "1998.04.29"]

1. d4 Nf6 2. c4 g6 3. Nc3 d5 4. Nf3 Bg7 5. e3 O-O 6. Qb3 c6 7. Bd2 Re8 8. Be2
b6 9. O-O Ba6 10. Ne5 Qd6 11. f4 e6 12. Rac1 c5 13. cxd5 Bxe2 14. dxe6 Rxe6 15.
Nxe2 Ne4 16. Bc3 Nd7 17. Ng3 Nxg3 18. hxg3 cxd4 19. exd4 Rd8 20. d5 Nc5 21.
dxe6 Nxb3 22. exf7+ Kf8 23. axb3 Rd7 24. Bb4 Qxb4 25. Rc8+ 1-0

[Event "Bad Woerishofen op"]
[Site "?"]
[Date "2000.??.??"]
[Round "3"]
[White "Reich, Thomas"]
[Black "Babar, Michael"]
[Result "0-1"]
[WhiteElo "2407"]
[BlackElo "2170"]
[PlyCount "106"]
[EventDate "2000.??.??"]

1. d4 f5 2. g3 d6 3. Bg2 Nf6 4. c4 g6 5. Nc3 Bg7 6. Nf3 O-O 7. O-O Qe8 8. b3
Nc6 9. d5 Nd8 10. Nd4 c5 11. dxc6 bxc6 12. Bb2 Bb7 13. Rb1 e5 14. Nc2 Nf7 15.
e4 f4 16. b4 g5 17. f3 Rd8 18. b5 d5 19. bxc6 dxe4 20. Nd5 Nxd5 21. cxd5 Bxc6
22. fxe4 Bb5 23. Rf2 Ba4 24. Bh3 Nd6 25. gxf4 Rxf4 26. Rxf4 gxf4 27. Be6+ Kh8
28. Qd2 Qg6+ 29. Kh1 Nxe4 30. Qe2 f3 31. Qxf3 Rf8 32. Qxf8+ Bxf8 33. Bxe5+ Bg7
34. Rf1 Bxe5 35. Rf8+ Kg7 36. Rg8+ Kf6 37. Rxg6+ hxg6 38. Ne3 Ke7 39. Bg8 Bd7
40. Nc4 Bd4 41. Kg2 Bb5 42. Na5 Nf6 43. Be6 Kd6 44. Bf7 Nxd5 45. Kf3 Ne7 46. h4
Bb6 47. Nc4+ Bxc4 48. Bxc4 Nf5 49. h5 gxh5 50. Kf4 Ne3 51. Be2 h4 52. Bf3 Nd5+
53. Kg4 Bd8 0-1

[Event "Bad Woerishofen op"]
[Site "?"]
[Date "2000.??.??"]
[Round "6"]
[White "Reich, Thomas"]
[Black "Pruess, Martin"]
[Result "1-0"]
[WhiteElo "2407"]
[BlackElo "1870"]
[PlyCount "39"]
[EventDate "2000.??.??"]

1. e4 g6 2. Nc3 Bg7 3. f4 d6 4. Nf3 c5 5. Bb5+ Nd7 6. O-O a6 7. Bc4 e6 8. f5
Ne5 9. Nxe5 Bxe5 10. fxe6 Bxe6 11. Bxe6 fxe6 12. Qg4 Qe7 13. d3 Nf6 14. Qh4 h6
15. Bg5 Kf7 16. Bxf6 Bxf6 17. e5 dxe5 18. Ne4 Kg7 19. Rxf6 g5 20. Qh5 1-0

[Event "Bad Woerishofen op"]
[Site "?"]
[Date "2000.??.??"]
[Round "7"]
[White "Reich, Thomas"]
[Black "Baeuml, Ulrich"]
[Result "1-0"]
[WhiteElo "2407"]
[BlackElo "2082"]
[PlyCount "65"]
[EventDate "2000.??.??"]

1. d4 Nf6 2. c4 c5 3. d5 e6 4. Nc3 exd5 5. cxd5 d6 6. e4 g6 7. f4 Bg7 8. Bb5+
Nfd7 9. Nf3 O-O 10. O-O a6 11. Bd3 b5 12. f5 c4 13. Bc2 Nc5 14. Bg5 Qb6 15. f6
Nxe4+ 16. Kh1 Nxf6 17. Qe1 Nbd7 18. Qh4 Bb7 19. Nd4 Nxd5 20. Nf5 Nxc3 21. bxc3
Rfe8 22. Ne7+ Rxe7 23. Bxe7 Bxc3 24. Rxf7 Kxf7 25. Qxh7+ Ke6 26. Rf1 Nf6 27.
Bxf6 Bxf6 28. Re1+ Kd5 29. Qf7+ Kc5 30. Qxf6 Bd5 31. Rd1 Kc6 32. Be4 Qc5 33.
Rxd5 1-0

[Event "Bad Woerishofen op"]
[Site "?"]
[Date "2000.??.??"]
[Round "9"]
[White "Reich, Thomas"]
[Black "Graf, Christian"]
[Result "1-0"]
[WhiteElo "2407"]
[BlackElo "2222"]
[PlyCount "111"]
[EventDate "2000.??.??"]

1. d4 d5 2. c4 c6 3. Nf3 Nf6 4. Nbd2 Bf5 5. g3 e6 6. Nh4 Bg6 7. Bg2 Be7 8. O-O
O-O 9. Nxg6 hxg6 10. Qb3 Qb6 11. c5 Qc7 12. Nf3 Nbd7 13. Bf4 Qc8 14. Qd3 Nh5
15. b4 Nxf4 16. gxf4 Qc7 17. e3 b5 18. a4 a6 19. Ra3 Rab8 20. Rfa1 Rb7 21. axb5
axb5 22. R1a2 Rfb8 23. Qb1 Bd8 24. Bf1 Bf6 25. Bd3 Rc8 26. Qf1 Re8 27. h4 Kf8
28. Qa1 Ke7 29. Kg2 Rh8 30. Kg3 Rc8 31. Ra7 Rcb8 32. Rxb7 Rxb7 33. Ra5 Nb8 34.
Ra8 Kd7 35. e4 Ke8 36. Qa5 Kd7 37. exd5 exd5 38. Bf1 Bd8 39. Qa1 Ke8 40. Bh3
Bf6 41. Qa5 Qd8 42. Qxd8+ Kxd8 43. Ne5 Kc7 44. Kf3 Bxe5 45. fxe5 Nd7 46. e6
fxe6 47. Bxe6 Nb8 48. Kg4 Kd8 49. f4 Re7 50. Rxb8+ Kc7 51. Rc8+ Kb7 52. f5 Rxe6
53. fxe6 Kxc8 54. Kg5 Kd8 55. Kxg6 Ke7 56. Kxg7 1-0

[Event "Bad Woerishofen op"]
[Site "?"]
[Date "2000.??.??"]
[Round "2"]
[White "Reichenbacher, Gerhard"]
[Black "Illig, Ursula"]
[Result "1/2-1/2"]
[WhiteElo "2054"]
[BlackElo "1750"]
[PlyCount "62"]
[EventDate "2000.??.??"]

1. e4 d6 2. d3 g6 3. f4 Bg7 4. Nf3 Nc6 5. g3 Bg4 6. c3 e5 7. Bg2 Nf6 8. h3 Be6
9. O-O h6 10. Be3 Nh5 11. f5 Nxg3 12. fxe6 Nxf1 13. exf7+ Kxf7 14. Qxf1 Rf8 15.
Nbd2 Kg8 16. Qe2 Qe7 17. Rf1 Rf7 18. d4 exd4 19. cxd4 Kh7 20. e5 Raf8 21. Ne4
dxe5 22. dxe5 Bxe5 23. Nfg5+ hxg5 24. Nxg5+ Kg7 25. Nxf7 Rxf7 26. Rxf7+ Qxf7
27. Qd2 Qf5 28. b3 a6 29. Qd5 Qb1+ 30. Bf1 Qf5 31. Bg2 Qb1+ 1/2-1/2

[Event "Bad Woerishofen op"]
[Site "?"]
[Date "2000.??.??"]
[Round "4"]
[White "Reichenbacher, Gerhard"]
[Black "Schmidt, Thomas"]
[Result "1-0"]
[WhiteElo "2054"]
[BlackElo "1715"]
[PlyCount "83"]
[EventDate "2000.??.??"]

1. e4 d6 2. d4 Nf6 3. Nc3 c6 4. Be3 Qb6 5. Bc4 Qxb2 6. Nge2 Nbd7 7. O-O Qb4 8.
Qd3 e5 9. Rfb1 Qa5 10. Bd2 Qc7 11. Ng3 g6 12. Nce2 Bg7 13. c3 O-O 14. f4 b5 15.
Bb3 Bb7 16. f5 Kh8 17. Rf1 a6 18. Kh1 c5 19. Bc2 Rae8 20. d5 Nb6 21. Ng1 Nbd7
22. c4 b4 23. Ba4 Rb8 24. Bxd7 Qxd7 25. Nf3 a5 26. fxg6 hxg6 27. Ng5 Nh7 28.
Nxh7 Kxh7 29. Nf5 gxf5 30. Rxf5 Rh8 31. Raf1 Rbf8 32. Qh3+ Kg8 33. Qg3 Rh7 34.
Rf6 Bc8 35. R1f5 Kh8 36. Bg5 Qa4 37. Rf1 Qxa2 38. h4 Qxc4 39. Rxf7 Rxf7 40.
Rxf7 Qxe4 41. Bf6 Qg4 42. Rf8# 1-0

[Event "Bad Woerishofen op"]
[Site "?"]
[Date "2000.??.??"]
[Round "6"]
[White "Reichenbacher, Gerhard"]
[Black "Schoenstein, Thomas"]
[Result "1-0"]
[WhiteElo "2054"]
[BlackElo "1750"]
[PlyCount "69"]
[EventDate "2000.??.??"]

1. e4 c5 2. d3 Nc6 3. g3 g6 4. Bg2 Bg7 5. f4 d6 6. Nf3 e6 7. O-O Nge7 8. c3 O-O
9. Be3 b5 10. d4 cxd4 11. Nxd4 Rb8 12. a4 bxa4 13. Rf2 Qc7 14. Qxa4 a5 15. Na3
Nxd4 16. cxd4 Bd7 17. Qd1 Rb4 18. Rc1 Qa7 19. Nc4 d5 20. Ne5 Ba4 21. Qd2 Rfb8
22. Rc5 Qb6 23. exd5 exd5 24. Bxd5 Bxe5 25. fxe5 Nf5 26. g4 Rxb2 27. Qxb2 Nxe3
28. Qxb6 Rxb6 29. Rc8+ Kg7 30. Rxf7+ Kh6 31. Bf3 Bb3 32. g5+ Kxg5 33. Rxh7 a4
34. Rf8 a3 35. h4# 1-0

[Event "Bad Woerishofen op"]
[Site "?"]
[Date "2000.??.??"]
[Round "7"]
[White "Reichenbacher, Gerhard"]
[Black "Grotz, Stephan"]
[Result "1-0"]
[WhiteElo "2054"]
[BlackElo "2204"]
[PlyCount "109"]
[EventDate "2000.??.??"]

1. e4 c5 2. d3 Nc6 3. g3 g6 4. Bg2 Bg7 5. f4 d6 6. Nf3 Bg4 7. h3 Bxf3 8. Bxf3
e6 9. O-O Nge7 10. c3 b5 11. Be3 Qb6 12. Na3 O-O 13. Rb1 a5 14. Nc2 b4 15. d4
cxd4 16. Nxd4 Nxd4 17. cxd4 Rac8 18. Qd2 Qb5 19. Be2 Qb7 20. Bd3 f5 21. e5 dxe5
22. dxe5 Rfd8 23. Qe2 Rb8 24. Bc5 Nd5 25. Ba6 Qa8 26. Bd6 Rb6 27. Bc4 Bf8 28.
Bxd5 Qxd5 29. Rfd1 Qb5 30. Qxb5 Rxb5 31. Bxf8 Rxd1+ 32. Rxd1 Kxf8 33. Rd8+ Ke7
34. Rh8 h5 35. Rh7+ Kf8 36. Rd7 Rc5 37. Rd2 g5 38. Kg2 Ke7 39. Kf3 h4 40. gxh4
gxf4 41. Re2 Rc4 42. h5 Rd4 43. Rc2 Rd3+ 44. Kxf4 Rxh3 45. Rc7+ Kd8 46. Rh7 a4
47. Kg5 b3 48. axb3 axb3 49. h6 Rh2 50. Rh8+ Kc7 51. h7 Kb7 52. Kf6 f4 53. Kxe6
Rh6+ 54. Kd5 Rh5 55. Ke4 1-0

[Event "Bad Woerishofen op"]
[Site "?"]
[Date "2000.??.??"]
[Round "9"]
[White "Reichenbacher, Gerhard"]
[Black "Schaffarth, Peter"]
[Result "1/2-1/2"]
[WhiteElo "2054"]
[BlackElo "2160"]
[PlyCount "26"]
[EventDate "2000.??.??"]

1. e4 d5 2. exd5 Nf6 3. d4 Nxd5 4. Nf3 Bg4 5. Be2 Nc6 6. O-O e6 7. Bg5 Be7 8.
Bxe7 Qxe7 9. h3 Bh5 10. c3 O-O 11. Ne5 Bxe2 12. Nxc6 Bxd1 13. Nxe7+ Nxe7
1/2-1/2

[Event "Bad Woerishofen op"]
[Site "?"]
[Date "2000.??.??"]
[Round "2"]
[White "Reichwald, Klaus-Dieter"]
[Black "Neubauer, Ralf"]
[Result "1-0"]
[WhiteElo "1746"]
[BlackElo "2045"]
[PlyCount "123"]
[EventDate "2000.??.??"]

1. e4 d5 2. exd5 Qxd5 3. Nc3 Qa5 4. d4 c6 5. Bc4 Bf5 6. Nf3 Nf6 7. Bd2 e6 8.
O-O Qc7 9. Re1 Be7 10. Bg5 O-O 11. Qe2 Nbd7 12. Rad1 Rfe8 13. Qd2 Rad8 14. Bf4
Bd6 15. Bxd6 Qxd6 16. Bb3 Bg4 17. Qe2 Nb6 18. h3 Bh5 19. g4 Bg6 20. Ne5 Nfd5
21. Ne4 Bxe4 22. Qxe4 Nf6 23. Qf3 Qe7 24. c3 Nfd7 25. Nd3 Nf6 26. Nf4 Nbd5 27.
Ng2 Qd6 28. g5 Nd7 29. Re4 Nf8 30. Rde1 Ne7 31. Ne3 b5 32. h4 a5 33. Rf4 Nfg6
34. Rg4 Nd5 35. Ng2 Nge7 36. h5 Rf8 37. h6 g6 38. Nh4 Nf5 39. Rge4 a4 40. Bc2
Nde7 41. Ng2 c5 42. dxc5 Qxc5 43. Re5 Qc4 44. a3 Rd2 45. Ne3 Qh4 46. Bxf5 Nxf5
47. Nxf5 exf5 48. Qe3 Qg4+ 49. Kh2 f4 50. Qc5 Qh4+ 51. Kg2 Qg4+ 52. Kh2 Qg3+
53. Kh1 Qh3+ 54. Kg1 Qd7 55. Kh2 Rxb2 56. Re7 Qg4 57. Rxf7 Rxf2+ 58. Qxf2 Qh5+
59. Kg1 Qg4+ 60. Kf1 Rxf7 61. Re8+ Rf8 62. Qa2+ 1-0

[Event "Bad Woerishofen op"]
[Site "?"]
[Date "2000.??.??"]
[Round "4"]
[White "Reichwald, Klaus-Dieter"]
[Black "Wegener, Hans-Karl"]
[Result "0-1"]
[WhiteElo "1746"]
[BlackElo "2115"]
[PlyCount "44"]
[EventDate "2000.??.??"]

1. e4 d5 2. exd5 Nf6 3. Nf3 Nxd5 4. d4 g6 5. Be2 Bg7 6. c3 O-O 7. O-O Nc6 8.
Na3 e5 9. dxe5 Nxe5 10. Nxe5 Bxe5 11. Bh6 Qh4 12. g3 Qxh6 13. Qxd5 Qg7 14. Nc4
Bf6 15. Ne3 h5 16. Rad1 Be6 17. Qa5 c6 18. h4 Bd8 19. Qa3 Qe5 20. Bf3 Bb6 21.
Rfe1 Rad8 22. Ng2 Qxg3 0-1

[Event "Bad Woerishofen op"]
[Site "?"]
[Date "2000.??.??"]
[Round "6"]
[White "Reichwald, Klaus-Dieter"]
[Black "Fries, Werner"]
[Result "1/2-1/2"]
[WhiteElo "1746"]
[BlackElo "1588"]
[PlyCount "75"]
[EventDate "2000.??.??"]

1. e4 c5 2. Nc3 Nc6 3. g3 g6 4. Bg2 Bg7 5. Nge2 d6 6. d3 e5 7. O-O Be6 8. f4
Qb6 9. Kh1 Nge7 10. Nd5 Bxd5 11. exd5 Nd4 12. c3 Nxe2 13. Qxe2 O-O-O 14. Be3 f5
15. b4 Qc7 16. Rab1 b6 17. bxc5 dxc5 18. c4 Rd6 19. a4 Kd7 20. Bd2 Nc8 21. fxe5
Bxe5 22. Qxe5 Re8 23. Qg7+ Re7 24. Qc3 a5 25. Bf4 Qd8 26. Bxd6 Nxd6 27. Rbe1
Kc7 28. Rxe7+ Qxe7 29. Re1 Qf7 30. Re6 Kd7 31. Qe5 Qf8 32. Qb2 Kc7 33. Qe5 Kd7
34. Bf3 g5 35. Bh5 f4 36. Bg4 fxg3 37. Rxd6+ Kc7 38. Rd7+ 1/2-1/2

[Event "Bad Woerishofen op"]
[Site "?"]
[Date "2000.??.??"]
[Round "8"]
[White "Reichwald, Klaus-Dieter"]
[Black "Jacob, Konrad"]
[Result "1/2-1/2"]
[WhiteElo "1746"]
[BlackElo "2051"]
[PlyCount "47"]
[EventDate "2000.??.??"]

1. e4 c5 2. Nc3 e6 3. g3 Nc6 4. Bg2 g6 5. Nge2 Bg7 6. d3 Nf6 7. O-O d5 8. exd5
exd5 9. Nf4 Ne7 10. Re1 O-O 11. Bd2 Bg4 12. Qc1 Re8 13. h3 Bf5 14. g4 d4 15.
Nce2 Bc8 16. Ng3 Nc6 17. a3 Bd7 18. g5 Rxe1+ 19. Qxe1 Ne8 20. Ne4 b6 21. Nd5
Rb8 22. Bf4 Rc8 23. Bg3 Be6 24. Nf4 1/2-1/2

[Event "Bad Woerishofen op"]
[Site "Bad Woerishofen"]
[Date "2000.??.??"]
[Round "2"]
[White "Ries, Berthold"]
[Black "Feicht, Roland"]
[Result "1-0"]
[WhiteElo "1850"]
[BlackElo "1460"]
[PlyCount "83"]
[EventDate "1998.03.05"]
[Source "ChessBase"]
[SourceDate "1998.04.29"]

1. e4 d5 2. exd5 Nf6 3. d4 Nxd5 4. Nf3 Bg4 5. Be2 e6 6. c4 Nb6 7. Nc3 Nc6 8.
Be3 Bxf3 9. Bxf3 Nxc4 10. Bxc6+ bxc6 11. Qa4 Nb6 12. Qxc6+ Qd7 13. Qb7 Bd6 14.
O-O O-O 15. Qa6 c6 16. Rac1 Rab8 17. Ne4 Bc7 18. g3 f5 19. Nc5 Qd5 20. Qxa7 Nc4
21. Qxc7 Rxb2 22. Rxc4 Qxc4 23. Qxc6 Rfb8 24. Qxe6+ Qxe6 25. Nxe6 Rxa2 26. d5
Kf7 27. h4 h6 28. h5 Rb5 29. Rd1 Raa5 30. Nf4 Ra8 31. Rc1 Re8 32. d6 Rb7 33.
Rc5 Rb1+ 34. Kg2 Rd1 35. Rxf5+ Kg8 36. Rd5 Rxd5 37. Nxd5 Rd8 38. Ne7+ Kf7 39.
Nf5 Kf6 40. g4 Rd7 41. Bd4+ Kg5 42. Kg3 1-0

[Event "Bad Woerishofen op"]
[Site "?"]
[Date "2000.??.??"]
[Round "4"]
[White "Ries, Berthold"]
[Black "Maahs, Erich"]
[Result "1/2-1/2"]
[WhiteElo "1850"]
[BlackElo "2205"]
[PlyCount "118"]
[EventDate "2000.??.??"]

1. e4 d5 2. exd5 Nf6 3. d4 Nxd5 4. Nf3 Bg4 5. Be2 e6 6. c4 Nb6 7. Nc3 Be7 8.
Be3 O-O 9. O-O N8d7 10. Qb3 c5 11. Rfd1 Qc8 12. d5 e5 13. a4 a5 14. h3 Bxf3 15.
Bxf3 f5 16. d6 Bd8 17. Nd5 e4 18. Be2 Nxd5 19. Rxd5 f4 20. Bd2 f3 21. Bf1 Nf6
22. Re5 Qc6 23. Be3 Nd7 24. Rd5 Bf6 25. Rad1 Rae8 26. Qb5 Qxb5 27. axb5 b6 28.
b3 Be5 29. g3 Rd8 30. h4 Rfe8 31. Bg5 Bf6 32. Bh3 Kf7 33. Bxf6 Nxf6 34. d7 Re7
35. Rd6 h5 36. Rxb6 Ng4 37. Bxg4 hxg4 38. Rbd6 e3 39. fxe3 Rxe3 40. R6d3 Re2
41. R3d2 Rxd2 42. Rxd2 Ke6 43. Rd5 Rxd7 44. Rxc5 Rd1+ 45. Kf2 Rd2+ 46. Kf1 Rb2
47. Rg5 Rxb3 48. Rxg4 a4 49. c5 Rxb5 50. Rxa4 Rxc5 51. Kf2 g5 52. h5 g4 53.
Rxg4 Rxh5 54. Kxf3 Kf6 55. Ra4 Rb5 56. Kg4 Rb6 57. Kh4 Rc6 58. Rf4+ Kg6 59. Rf8
Kh7 1/2-1/2

[Event "Bad Woerishofen op"]
[Site "?"]
[Date "2000.??.??"]
[Round "6"]
[White "Ries, Berthold"]
[Black "Oud, Niek"]
[Result "1-0"]
[WhiteElo "1850"]
[BlackElo "2194"]
[PlyCount "109"]
[EventDate "2000.??.??"]

1. e4 c5 2. f4 g6 3. Nf3 Bg7 4. Nc3 Nc6 5. Bc4 e6 6. O-O Nge7 7. d3 d6 8. Qe1
a6 9. a4 b6 10. Bb3 Qc7 11. Qh4 O-O 12. f5 exf5 13. Bh6 Be6 14. Ng5 Bxb3 15.
Bxg7 Kxg7 16. Qxh7+ Kf6 17. exf5 Nxf5 18. Nge4+ Ke6 19. cxb3 d5 20. Ng5+ Kd6
21. Rxf5 gxf5 22. Qxf5 Ne7 23. Nxf7+ Kc6 24. Qe6+ Kb7 25. Nd6+ Kb8 26. Re1 Ra7
27. Nxd5 Nxd5 28. Qxd5 Qd8 29. Qe5 Rd7 30. Nc4+ Ka7 31. a5 b5 32. Qxc5+ Kb7 33.
Ne5 Rd6 34. Rc1 Rff6 35. b4 Rd5 36. Qc3 Re6 37. d4 Rxd4 38. Qf3+ Qd5 39. Qf7+
Kb8 40. Qg8+ Qd8 41. Nc6+ Rxc6 42. Qxd8+ Rxd8 43. Rxc6 Rd1+ 44. Kf2 Rd2+ 45.
Kf3 Rxb2 46. Rxa6 Rxb4 47. Rb6+ Kc7 48. g4 Rb1 49. h4 b4 50. Kf4 b3 51. Kg5 Ra1
52. Rxb3 Rxa5+ 53. Kh6 Ra6+ 54. Kh5 Kd6 55. Re3 1-0

[Event "Bad Woerishofen op"]
[Site "?"]
[Date "2000.??.??"]
[Round "8"]
[White "Ries, Berthold"]
[Black "Wegener, Hans-Karl"]
[Result "1-0"]
[WhiteElo "1850"]
[BlackElo "2115"]
[PlyCount "53"]
[EventDate "2000.??.??"]

1. e4 c5 2. f4 Nc6 3. Nf3 g6 4. Nc3 Bg7 5. Bc4 Nd4 6. O-O a6 7. a4 Qa5 8. e5
Nh6 9. Nxd4 cxd4 10. Ne4 d5 11. exd6 Bg4 12. Qe1 d3 13. cxd3 Bd4+ 14. Kh1 e6
15. Qh4 Nf5 16. Qxg4 O-O-O 17. Ng5 h5 18. Qf3 h4 19. Nh3 Rxd6 20. b4 Qd8 21.
Rb1 Qf6 22. b5 a5 23. Ba3 Rdd8 24. b6 Kb8 25. Rb5 Rdg8 26. Rxa5 g5 27. Ra7 1-0

[Event "Bad Woerishofen op"]
[Site "Bad Woerishofen"]
[Date "2000.??.??"]
[Round "1"]
[White "Ring, Gregor"]
[Black "Schneider, Richard"]
[Result "0-1"]
[WhiteElo "1776"]
[BlackElo "2201"]
[PlyCount "42"]
[EventDate "1998.03.05"]
[Source "ChessBase"]
[SourceDate "1998.04.29"]

1. e4 c5 2. Nc3 Nc6 3. f4 g6 4. Nf3 Bg7 5. Bc4 e6 6. d3 Nge7 7. e5 d5 8. Bb3 b5
9. a4 b4 10. Nb5 O-O 11. g4 f6 12. Qe2 fxe5 13. fxe5 a6 14. Nd6 Nxe5 15. Nxe5
Qxd6 16. Nf3 e5 17. h3 e4 18. Ng5 Qg3+ 19. Kd1 c4 20. dxc4 Rf2 21. Qe1 Bxg4+
0-1

[Event "Bad Woerishofen op"]
[Site "?"]
[Date "2000.??.??"]
[Round "3"]
[White "Ring, Gregor"]
[Black "Brueckner, Wolfgang"]
[Result "1/2-1/2"]
[WhiteElo "1776"]
[BlackElo "1536"]
[PlyCount "87"]
[EventDate "2000.??.??"]

1. e4 e5 2. Nf3 Nc6 3. Bb5 Nf6 4. O-O d6 5. Re1 Bd7 6. c3 a6 7. Ba4 b5 8. Bb3
Bg4 9. h3 Bh5 10. a4 Bxf3 11. Qxf3 Na5 12. Bc2 c5 13. d3 Be7 14. Nd2 b4 15. Nf1
Rb8 16. Ng3 bxc3 17. bxc3 Nb3 18. Bxb3 Rxb3 19. Bd2 Rb2 20. Bg5 g6 21. d4 Nd7
22. Bc1 Rb8 23. Rd1 O-O 24. dxc5 Nxc5 25. Be3 Ne6 26. Rd5 Qc7 27. Bd2 Rb2 28.
Qg4 Rfb8 29. Nf5 Rb1+ 30. Rxb1 Rxb1+ 31. Kh2 Bf8 32. h4 Nf4 33. Ng3 Nxd5 34.
exd5 f6 35. h5 g5 36. Ne4 Qf7 37. Kg3 Rb8 38. Qf5 Be7 39. Qf3 Rd8 40. Kh3 Rf8
41. g4 f5 42. gxf5 Qxf5+ 43. Qxf5 Rxf5 44. Kg4 1/2-1/2

[Event "Bad Woerishofen op"]
[Site "?"]
[Date "2000.??.??"]
[Round "5"]
[White "Ring, Gregor"]
[Black "Rothenhagen, Siegfried"]
[Result "1-0"]
[WhiteElo "1776"]
[BlackElo "1671"]
[PlyCount "120"]
[EventDate "2000.??.??"]

1. e4 c5 2. Nc3 d6 3. f4 Nc6 4. Nf3 g6 5. Bc4 e6 6. O-O Bg7 7. d3 Nge7 8. Be3
d5 9. exd5 exd5 10. Nxd5 Nxd5 11. Bxc5 Be6 12. Ng5 Bd4+ 13. Bxd4 Nxd4 14. c3
Nc6 15. Nxe6 fxe6 16. Qg4 Qd7 17. Rae1 O-O-O 18. Rxe6 Rhe8 19. Bxd5 Kb8 20. Qe2
Rxe6 21. Bxe6 Qxd3 22. Qxd3 Rxd3 23. g3 Re3 24. Bd5 Ne7 25. Bc4 Nf5 26. Kf2 Re7
27. Re1 Rg7 28. g4 Nd6 29. Bd5 Kc7 30. c4 b6 31. b4 Nc8 32. Re8 Kd7 33. Re5 Kd6
34. h4 Ne7 35. Kf3 h6 36. Re6+ Kd7 37. Rf6 Nxd5 38. cxd5 Ke7 39. Re6+ Kd7 40.
Ke4 g5 41. Rxh6 Re7+ 42. Kf3 gxf4 43. Kxf4 Re2 44. Rh7+ Kd6 45. Rxa7 Kxd5 46.
h5 Re4+ 47. Kg5 Rxb4 48. h6 Re4 49. h7 Re8 50. Kh6 Re6+ 51. Kh5 Re8 52. g5 Re2
53. Kh6 Ke6 54. Kg7 Rg2 55. h8=Q Rxg5+ 56. Kf8 Rf5+ 57. Ke8 Rc5 58. Qh6+ Kd5
59. Qxb6 Rc8+ 60. Kd7 Rh8 1-0

[Event "Bad Woerishofen op"]
[Site "?"]
[Date "2000.??.??"]
[Round "7"]
[White "Ring, Gregor"]
[Black "Schmitzer, Peter"]
[Result "0-1"]
[WhiteElo "1776"]
[BlackElo "2097"]
[PlyCount "98"]
[EventDate "2000.??.??"]

1. c4 d6 2. Nc3 g6 3. g3 Bg7 4. Bg2 c6 5. Nf3 Nf6 6. O-O O-O 7. d3 e5 8. e4 Na6
9. a3 Nc7 10. b4 Re8 11. Rb1 d5 12. Qc2 d4 13. Ne2 Bd7 14. Nd2 Bg4 15. f3 Be6
16. h3 Nh5 17. Kh2 Rf8 18. c5 f5 19. f4 exf4 20. gxf4 fxe4 21. Nxe4 Nd5 22. Ng5
Nhxf4 23. Nxe6 Nxe6 24. Rxf8+ Qxf8 25. Qc4 Qf6 26. Kg1 Rf8 27. Nf4 Ndxf4 28.
Bxf4 Kh8 29. Bg3 Nf4 30. Rf1 g5 31. Qc2 Qe5 32. Re1 Qf5 33. Bxf4 Qxf4 34. Re4
Qg3 35. Qe2 h6 36. Re7 Qf4 37. a4 a6 38. Re4 Qc1+ 39. Kh2 Kh7 40. Re7 Qf4+ 41.
Kg1 Kh8 42. Re4 Qc1+ 43. Kh2 a5 44. Re7 Qf4+ 45. Kh1 axb4 46. Rxb7 Be5 47. Be4
Qg3 48. Rh7+ Kg8 49. Rxh6 Rf1+ 0-1

[Event "Bad Woerishofen op"]
[Site "Bad Woerishofen"]
[Date "2000.??.??"]
[Round "1"]
[White "Rostek, Bettina"]
[Black "Willim, Michael"]
[Result "0-1"]
[WhiteElo "1582"]
[BlackElo "2124"]
[PlyCount "58"]
[EventDate "1998.03.05"]
[Source "ChessBase"]
[SourceDate "1998.04.29"]

1. e4 e6 2. d4 d5 3. exd5 exd5 4. c4 Nf6 5. Nc3 Be7 6. Bg5 c6 7. h4 h6 8. Bf4
Qb6 9. Qd2 Bf5 10. c5 Qd8 11. Nf3 Ne4 12. Qc1 b6 13. b4 bxc5 14. dxc5 Nd7 15.
Nd4 Bf6 16. Nxe4 Bxe4 17. Qe3 O-O 18. O-O-O a5 19. Nxc6 Qc8 20. b5 Re8 21. Qg3
Nxc5 22. f3 Bh7 23. Rxd5 Na4 24. Be5 Rxe5 25. Rxe5 Qf8 26. f4 Bxe5 27. Nxe5 Qb4
28. Qb3 Qe1+ 29. Qd1 Qc3+ 0-1

[Event "Bad Woerishofen op"]
[Site "?"]
[Date "2000.??.??"]
[Round "3"]
[White "Rostek, Bettina"]
[Black "Seifert, Dierk"]
[Result "0-1"]
[WhiteElo "1582"]
[BlackElo "2167"]
[PlyCount "44"]
[EventDate "2000.??.??"]

1. e4 e6 2. d4 d5 3. e5 c5 4. c3 Nc6 5. Bb5 Qb6 6. Bxc6+ bxc6 7. Nf3 Ba6 8.
Nbd2 cxd4 9. cxd4 Nh6 10. Nb3 Nf5 11. Bd2 Be7 12. Bc3 O-O 13. g4 Nh6 14. Rg1 c5
15. dxc5 Bxc5 16. Nxc5 Qxc5 17. Qd4 Qb5 18. O-O-O Rfc8 19. Qf4 Rab8 20. Rd4
Qxb2+ 21. Kd1 Qe2+ 22. Kc1 Rxc3# 0-1

[Event "Bad Woerishofen op"]
[Site "?"]
[Date "2000.??.??"]
[Round "5"]
[White "Rostek, Bettina"]
[Black "Schiegg, Peter"]
[Result "0-1"]
[WhiteElo "1582"]
[BlackElo "1771"]
[PlyCount "119"]
[EventDate "2000.??.??"]

1. e4 d6 2. Bc4 Nf6 3. d3 g6 4. Nf3 Bg7 5. c3 O-O 6. Bg5 h6 7. Bh4 Nc6 8. Nbd2
Na5 9. h3 Nxc4 10. Nxc4 e5 11. Ne3 c6 12. g4 Qc7 13. Qc2 Nh7 14. d4 Be6 15. d5
cxd5 16. Nxd5 Bxd5 17. exd5 e4 18. Nd2 f5 19. gxf5 gxf5 20. Rg1 Kh8 21. O-O-O
Qf7 22. Nc4 Qc7 23. Ne3 Qf7 24. Nc4 Qc7 25. Ne3 Be5 26. Rg6 Bf4 27. Rdg1 Rg8
28. Kb1 Qf7 29. Rxg8+ Rxg8 30. Rxg8+ Kxg8 31. Qd1 Ng5 32. Bxg5 hxg5 33. c4 Kh7
34. Qd4 b6 35. b4 Be5 36. Qd1 Kg6 37. Qg1 Qh7 38. Qg2 Qh4 39. Kc2 Qf4 40. a4
Bd4 41. Nd1 a6 42. Qg3 Qxg3 43. fxg3 f4 44. gxf4 gxf4 45. Kd2 f3 46. Ne3 f2 47.
Nf1 Kg5 48. Ke2 a5 49. bxa5 bxa5 50. Nd2 Kf4 51. h4 e3 52. Nb3 Bb6 53. h5 Kg5
54. c5 dxc5 55. d6 c4 56. Nc1 Kxh5 57. Na2 Kg6 58. Nc3 Kf7 59. Nd5 Bd4 60. Nf4
0-1